00330nam a2200133Ia 4500100001400000250000600014366000700020654001700027245008400044260002800128082002000156300000800176546001200184 aBolton/W  a3 f15 aMechatronics aMechatronics:Electronic control system in Mechanical and electrical engineering bPearson Educationc2003 a621.381042bBOL a574 aENGLISH